000 00813nam a2200229Ia 4500
003 GCL
005 20240530105429.0
008 140319s9999 xx 000 0 ara d
040 _aGCL /
_cGCL
082 0 4 _a320.01
_bق ع
100 1 _aقبارى اسماعيل
245 1 0 _aعلم الاجتماع السياسى وقضايا التخلف والتنمية والتحديث /
_cقبارى محمد اسماعيل
260 _aالاسكندرية :
_bالمكتب الجامعى الحديث ،
_c1980
300 _a590 ص
650 0 4 _aنظريات
650 0 4 _aالتنمية الاقتصادية
650 0 4 _aالاجتماع
650 0 4 _aعلم النفس الاجتماعى
650 0 4 _aالاجتماع السياسى
650 0 4 _aالحركات الاجتماعية
942 _2ddc
_cBK
999 _c55983
_d55983